La demanda por dinero en Chile: su estabilidad en el período 1947-1970

Guardat en:
Dades bibliogràfiques
Autor principal: Carkovic S., María Vicenta (Autor)
Autor corporatiu: Pontificia Universidad Católica de Chile. Instituto de Economía (Autor)
Format: Llibre
Idioma:espanyol
Publicat: Santiago Pontificia Universidad Católica de Chile 1979
Col·lecció:Documento de Trabajo, 65
Matèries:
Etiquetes: Afegir etiqueta
Sense etiquetes, Sigues el primer a etiquetar aquest registre!

MARC

LEADER 00000nam a2200000 a 4500
001 UCR9435
003 CL-VaPUC
008 980613e19791000CL |||||||||||||||||spa|d
082 0 4 |a 332.4983  |b CAR  |2 21 
100 0 |a Carkovic S., María Vicenta  |e author  |9 411974 
110 2 |a Pontificia Universidad Católica de Chile. Instituto de Economía  |e author  |9 411975 
245 1 3 |a La demanda por dinero en Chile: su estabilidad en el período 1947-1970 
300 |a 185 p 
942 |c BK 
945 |d 19980613 00:00:00  |a crobeson 
260 |a Santiago  |b Pontificia Universidad Católica de Chile  |c 1979 
650 0 |a Dinero  |9 314331 
650 0 |a Análisis estadístico  |9 269506 
650 7 |a POLITICAS MONETARIAS  |2 CL-VaPUC  |9 410781 
650 0 |a Mercado monetario  |9 358831 
651 7 |a CHILE  |2 CL-VaPUC  |9 411976 
583 |a last modification  |c 19980613 00:00:00  |k Rodrigo Vera 
490 0 |a Documento de Trabajo, 65 
999 |c 270630  |d 270628 
952 |0 0  |1 0  |4 0  |6 332_498300000000000_CAR_1979  |7 0  |8 A  |9 304990  |a BIBENE  |b BIBENE  |d 2019-11-20  |i 1413317  |o 332.4983 CAR 1979  |p 1413317  |r 2025-01-15  |w 2019-11-20  |y BK  |k ICO